000 00452nab a2200145Ia 4500
003 ES-SlBCS
005 20210601134622.0
008 140529s1985 xxu||||| |||| 00| 0 spa d
041 _aspa
100 1 _aUgalde, Luis
_976449
245 0 0 _aGénesis de la teología de la liberación (Procesos Históricos)
_c Luis Ugalde
650 0 4 _aTeología de la Liberación
_986892
773 0 _tAnthropos
_gvol. 6, nº. 11, 1985, págs. 11-27
_wRev38
942 _cAR
999 _c615387
_d615387